| 000 | 00375nam a22001337a 4500 | ||
|---|---|---|---|
| 020 | _a9788170358138 | ||
| 082 |
_a664 _bCHA/IN |
||
| 100 |
_aChavan,U.D _9895 |
||
| 100 |
_aPatil,J.V _996 |
||
| 245 | _aIndustrial Processing of Fruits and Vegetables | ||
| 260 |
_aNew Delhi _bDaya Publishing House A Division of Astral International Pvt.Ltd _c2013 |
||
| 300 | _a570 | ||
| 942 | _cBK | ||
| 999 |
_c14515 _d14515 |
||